LEADER 02590njm a2200529 a 4500
001 000885254
003 CZ BrMZK
005 20130523144508.0
007 sd fsngnnmmned
008 080208s2007 xr dfn g cze d
024 3 |a 8595031420429 
028 0 1 |a VM0204-2  |b Vaško Music 
040 |a BOA001  |b cze 
048 |a kz  |b vu 
072 7 |a 784  |x Vokální hudba  |2 Konspekt  |9 9 
080 |a 784.4.088  |2 MRF 
080 |a 78.085  |2 MRF 
080 |a (086.76)  |2 MRF 
100 1 |a Zelený, Jožka  |4 cmp  |4 sng 
245 1 0 |a Zpívejte si s námi  |n 1  |h [zvukový záznam] 
260 |a Praha :  |b Vaško Music,  |c p2007 
300 |a 1 zvuková deska (50:42) :  |b digital ;  |c 12 cm 
306 |a 005042 
490 1 |a Česko Moravská dvojka 
500 |a Kompaktní deska 
505 0 0 |t Ta naša kapela --  |t Ej hájek, hájek --  |t Javorinka šedivá --  |t Do rána je malá chvíľa --  |t U našeho mlýna --  |t Kyjovští mládenci --  |t Nebola som veselá --  |t Hledám galánečku --  |t Pod tou naší starou lípou --  |t Hájku, háječku --  |t Šumařinka --  |t Jednou, dvakrát --  |t Zelené háje --  |t Červená růžičko --  |t Včera jsem tě čekala --  |t Ale ne, ale ne --  |t U Svatýho Tomáše --  |t Anči, Anči --  |t Já už to políčko --  |t Štěstí na rozcestí --  |t Hamříkova stáj --  |t Hovoranský potůček --  |t Slunko krásné --  |t To kyjovské pole --  |t Věterskú dolunú --  |t Břežanská polka --  |t Koně moje vrané --  |t Anička dušička 
511 0 |a Zpívají: Jožka Zelený a Michal Hutník 
650 0 7 |a lidové písně, úpravy  |7 ph320413  |2 czenas 
650 0 7 |a polky  |7 ph224419  |2 czenas 
655 7 |a kompaktní desky  |7 fd201991  |2 czenas 
700 1 |a Hutník, Michal  |r lyr  |4 sng 
700 1 |a Slabák, Jan,  |d 1941-  |7 jn20000710536  |4 cmp 
700 1 |a Procházka, Miloslav R.,  |d 1958-  |7 jn20000810064  |4 cmp 
700 1 |a Pěnčík, Stanislav,  |d 1939-2004  |7 jn20000810063  |4 lyr 
700 1 |a Vacek, Karel,  |d 1902-1982  |7 jk01140977  |4 cmp  |4 lyr 
700 1 |a Vejvoda, Jaromír,  |d 1902-1988  |7 jn19990209983  |4 cmp 
700 1 |a Jacura, Ladislav,  |d 1913-2004  |7 jk01050594  |4 lyr 
700 1 |a Zeman, Vašek,  |d 1909-1987  |7 jx20040920001  |4 lyr 
700 1 |a Bláha, Václav,  |d 1901-1959  |7 jo20010086360  |4 cmp 
700 1 |a Smišovský, Blahoslav,  |d 1931-2011  |7 ola200209211  |4 cmp 
700 1 |a Hlaváček, Václav,  |d 1957-  |7 jx20040819018  |4 cmp 
700 1 |a Konečný, Josef,  |d 1946-2020  |7 jx20071214057  |4 cmp 
830 0 |a Česko Moravská dvojka 
910 |a BOA001  |b CD-0014.325,1 
990 |a AV 
991 |b 200802 
996 6 |b 261H015856  |c CD-0014.325,1  |l MZK  |r Sklad / do 24 hodin  |n 0  |w 000885254  |u 000010  |a 1  |e BOA001  |j MZK50  |s P